000 00872cab a2200277 4500
001 ABS48648
008 090401t1993 xxu||||| |||| 00| 0 eng d
035 _a(Sirsi) u67771
041 _aeng
100 _aJohnson, M.
245 _aLandfill site monitoring
260 _c1993
350 _a0
490 _aQuarry Management
_v20(5) May 1993, 33-35(3)
520 _aThe author describes first-hand experience in setting up two landfill sites and the monitoring systems installed. The paper won the Institute of Quarrying West Midlands branch Gordon Chegwin award.
650 _aCONTAMINATED LAND
650 _aLANDFILL SITES
650 _aMONITORING SYSTEMS
650 _aSITE MONITORING
650 _aWASTE DISPOSAL
650 _aWATER QUALITY
690 _aENVIRONMENTAL AND LAND CONSULTANCY
690 _aLAND
942 _n0
948 _c04/03/1997
999 _c42446
_d42446